000 00228nam a2200097Ia 4500
008 240625s9999 xx 000 0 und d
041 _aeng
100 _aLINUX FOR YOU
245 _aLINUX FOR YOU PENSOLARIS 2008 11
260 _c1909
999 _c34434
_d34434